000 00206 a2200097 4500
001 3081
100 _aJenkins, F A
245 _aFundamentals of Optics
260 _a
_bMc Graw Hill
_c
090 _c2363
_d2363
942 _aNUST-CAE
_cM
_c15147
999 _c238154
_d238154